| 000 | 00855nam a22002537a 4500 | ||
|---|---|---|---|
| 001 | BR8404450 | ||
| 003 | BR-BrBNA | ||
| 005 | 20230928092017.0 | ||
| 007 | ta | ||
| 008 | 230509b bl.||||| |||| 00| 0 por d | ||
| 040 |
_aBR-BrBNA _bpor _cBiblioteca Nacional de Agricultura |
||
| 041 | _a(Por) | ||
| 072 |
_aN01 _b/G514 |
||
| 090 | _ N01 BR8404450 | ||
| 100 | 1 | _aBezerra, F. de A. | |
| 110 | 1 |
_aUniversidade Federal de Vicosa, MG (Brasil) _0Tese (Magister Scientiae) |
|
| 245 | 1 | _aA eletrificacao rural na microrregiao homogenea agropastoril do Baixo Paraiba [Brasil] | |
| 260 | 3 |
_aVicosa, MG (Brasil): _c1984. |
|
| 300 | _a80 p. | ||
| 500 | _a35 tables; 31 ref.; Summary (Por). (*) Documento disponível na(o) Universidade Federal de Vicosa, MG (Brazil) | ||
| 650 | _aELETRIFICACAO RURAL | ||
| 909 |
_a202309 _bLucia _c55 _dLucia Elande |
||
| 942 | _cBK | ||
| 999 |
_c36683 _d36683 |
||